000 00608nmm a2200193Ia 4500
008 251105s9999||||xx |||||||||||||||||und||
020 _a9788476589052
041 _aspa
100 _aBarbosa, Mario
245 0 _aSilencios, discursos y miradas sobre la violencia
264 _a[Madrid, España] :
_bAnthropos,
_c2009
300 _a234 páginas
490 _aPensamiento crítico / Pensamiento utópico: crítica y utopía
650 _aCultural Studies
700 _aBarbosa, Mario
700 1 _a Yébenes, Zenia (Coords.)
856 _uhttps://public.digitaliapublishing.com/a/13276
942 _cCF
999 _c62492
_d62492